00489nam a2200121Ia 4500008004100000245017600041260004500217260000900262300000900271500001100280650001300291856006300304170516s9999 xx 000 0 und d aPreparation and characterization of pelletized solid dispersion of resveratrol with mesoporous silica microparticles to improve dissolution by fluid-bed coating techniques bAsian Journal of Pharmaceutical Sciences c2016 a11:4 aAugust xPharmacy uhttp://www.sciencedirect.com/science/journal/18180876/11/4